|
|
|
|
| LEADER |
00000nab a2200000 a 4500 |
| 001 |
vtls000068760 |
| 003 |
SK-MaSNL |
| 005 |
20260303024621.0 |
| 008 |
111103c1980 xo 0 slo |
| 015 |
|
|
|a SNBRB19rr/mm-uuuuu
|
| 035 |
|
|
|a CL0078860
|
| 040 |
|
|
|a SNKBUCL
|b slo
|c SNKBUCL
|e AACR2
|
| 041 |
0 |
|
|a slo
|
| 044 |
|
|
|a xo
|c SK
|
| 080 |
|
|
|a 796/799
|2 1981
|
| 080 |
|
|
|a 159.9
|2 1981
|
| 100 |
1 |
|
|a Bezák, Jozef
|4 aut
|9 286663
|
| 245 |
1 |
0 |
|a Psychologické aspekty výberu talentov v športe
|c Jozef Bezák
|
| 650 |
0 |
7 |
|a športovci
|2 snkbucl
|9 1043
|
| 655 |
|
7 |
|a články z novín a časopisov
|2 snkbucl
|9 267496
|
| 773 |
0 |
|
|t Tréner
|g Roč. 24, č. 9 (1980), s. 393-395
|
| 850 |
|
|
|a Slovenská národná knižnica v Martine
|a MTA001
|
| 852 |
|
|
|a SNK
|b KIS3GCP
|
| 958 |
|
|
|a RK
|
| 992 |
|
|
|a RBX
|
| 999 |
|
|
|c 1641621
|d 1643551
|